[Event "SAIF POWERTEC 45th BAN Ch 2019"]
[Site "Dhaka"]
[Date "2019.11.05"]
[Round "1.1"]
[White "Mollah Abdullah, Al Rakib"]
[Black "Anata, Choudhury"]
[Result "1-0"]
[WhiteElo "2462"]
[BlackElo "2159"]
[Annotator "TA"]
[PlyCount "75"]
[EventDate "2019.11.05"]
[EventCountry "BAN"]
[SourceTitle "playchess.com"]
[Source "ChessBase"]
[SourceQuality "1"]

{[%evp 9,75,13,13,10,22,17,19,18,21,0,0,0,9,0,0,0,0,0,15,23,22,-14,2,0,6,0,0,-36,-19,-25,-11,-20,-20,-12,10,0,0,0,-10,-6,0,0,0,-13,-20,-39,-33,-32,-45,-81,-81,-81,-81,-81,-81,-71,-1,-2,-1,-8,-1,-1,-3,-6,-8,-97,447,445]} 1. d4 Nf6 2. Nf3 g6 3. Nbd2 c5 4. dxc5 Qa5 5. a3 Qxc5 6. b4 {A48: 1 d4 Nf6 2 Nf3 g6: Torre, London and Colle Systems} Qc7 7. Bb2 Bg7 8. c4 {The position is equal.} d6 9. g3 b6 10. Bg2 Bb7 11. O-O O-O 12. Qb3 Nbd7 13. Rfd1 Rac8 {[#]} 14. Rac1 $146 Rfd8 15. Bh3 Qb8 16. Qe3 Rc7 17. Nd4 a6 18. Rc2 Ba8 19. Rdc1 h5 20. N4f3 Ng4 21. Qb3 ({Wrong is} 21. Qxe7 $2 Bxb2 22. Rxb2 Ndf6 $19) 21... Nde5 22. Nxe5 Nxe5 23. Bg2 Bxg2 24. Kxg2 Rdc8 25. Bxe5 Bxe5 26. a4 Qb7+ 27. Kg1 h4 28. gxh4 Kg7 29. Qe3 {[#]} Rh8 $1 30. Nf3 Bf6 31. c5 bxc5 32. bxc5 dxc5 ({Better is} 32... Qc8 $17) 33. Rxc5 $11 Rxc5 34. Qxc5 Bxh4 35. Qc6 $132 {[%mdl 2048] White is not keeping still} Qa7 36. Qc5 Qd7 37. Qc4 (37. Qd4+ $1 $11 Qxd4 38. Nxd4) 37... Qa7 $2 {[%mdl 8192] [#]} (37... Bf6 $17) 38. Nxh4 {Accuracy: White = 49%, Black = 51%.} 1-0

[Event "SAIF POWERTEC 45th BAN Ch 2019"]
[Site "Dhaka"]
[Date "2019.11.05"]
[Round "1.2"]
[White "Rahman, Syed Mahfuzur"]
[Black "Rahman, Ziaur"]
[Result "1/2-1/2"]
[WhiteElo "2158"]
[BlackElo "2471"]
[Annotator "TA"]
[PlyCount "102"]
[EventDate "2019.11.05"]
[EventCountry "BAN"]
[SourceTitle "playchess.com"]
[Source "ChessBase"]
[SourceQuality "1"]

{[%evp 18,102,0,0,0,0,0,-4,-10,-16,0,-12,-14,-17,2,-12,-12,-10,-10,-28,-11,-34,-22,-23,22,20,21,0,0,-18,0,0,8,0,18,0,18,0,0,0,0,0,0,-15,-17,-18,-15,-15,0,-58,0,-58,0,-37,-37,-32,-32,-57,-22,-43,-24,-55,-23,-45,-24,-30,-31,-47,-33,-20,-28,-21,-11,-11,-8,-8,-8,-8,-8,-91,0,-8,-8,-8,-10,-8,0]} 1. d4 d5 2. c4 e6 3. Nc3 c6 4. e3 Nf6 5. Nf3 Nbd7 6. Be2 Bd6 7. O-O O-O 8. b3 b6 9. Bb2 Bb7 10. Rc1 Rc8 {D45: Semi-Slav: 5 e3} 11. cxd5 (11. Qc2 Qe7 12. Rfd1 h6 13. h3 Rfd8 14. Qb1 Bb8 15. Bf1 c5 16. cxd5 exd5 17. dxc5 bxc5 18. Ne2 {½-½ (35) Stern,R (2538)-Buhmann,R (2573) Magdeburg 2019}) 11... exd5 12. Bd3 Re8 13. Bf5 Qe7 $146 ({Predecessor:} 13... Rc7 14. Re1 g6 15. Bh3 Ne4 16. g3 {0-1 (54) Rehan,D (1899)-Al Ghamdi,A (2192) Baku 2016}) 14. Re1 g6 15. Bh3 Rcd8 16. Qc2 Ne4 17. Nxe4 dxe4 18. Nd2 Nf6 19. Nc4 Nd5 20. a3 Bb8 {Black wants to play ...Qh4.} 21. g3 f5 22. Red1 h5 23. b4 Kh7 24. Ne5 Rc8 25. Qb3 a6 26. Bf1 Bd6 27. Bc4 b5 28. Bxd5 cxd5 29. Rxc8 Rxc8 30. Rc1 Rxc1+ 31. Bxc1 h4 32. Kg2 Qe6 33. Qc2 (33. gxh4 $11 Qf6 34. f4) 33... Kg7 ({Better is} 33... h3+ $15 34. Kg1 Qc8) 34. Bd2 {[#]} (34. gxh4 $11 Qf6 35. f4) 34... Qe8 ({Black should try} 34... h3+ $1 $15 {[%mdl 512]} 35. Kg1 (35. Kxh3 f4+) 35... Qc8) 35. Bc1 Qh8 36. Kg1 Qh5 37. Kf1 hxg3 38. fxg3 Qh3+ 39. Qg2 Qh8 40. Qc2 Qd8 41. Bb2 a5 42. Bc3 Qc8 {...axb4 is the strong threat.} (42... Qc7 $5 {[%cal Ra5b4]} 43. Qd2 a4 $15) 43. Qb2 a4 44. Be1 g5 45. Qe2 {next Qh5 is good for White.} Bxe5 46. dxe5 {aiming for Qh5.} Kg6 47. Qd2 Qc4+ 48. Kg1 {[#]} (48. Qe2 $11) 48... Bc8 (48... d4 $1 $17 {[%mdl 512]} 49. Qxd4 (49. exd4 e3 $17) 49... Qxd4 50. exd4 e3) 49. Qc3 {The position is equal.} Be6 {White should prevent ...d4!} 50. Qxc4 dxc4 51. Kf2 g4 {Accuracy: White = 38%, Black = 32%.} 1/2-1/2

[Event "SAIF POWERTEC 45th BAN Ch 2019"]
[Site "Dhaka"]
[Date "2019.11.05"]
[Round "1.3"]
[White "Hossain, Enamul"]
[Black "Md., Sharif Hossain"]
[Result "1-0"]
[WhiteElo "2433"]
[BlackElo "2148"]
[Annotator "TA"]
[PlyCount "109"]
[EventDate "2019.11.05"]
[EventCountry "BAN"]
[SourceTitle "playchess.com"]
[Source "ChessBase"]
[SourceQuality "1"]

{[%evp 22,109,37,22,54,45,43,47,47,49,51,52,71,77,79,81,53,69,41,44,97,50,54,0,0,0,0,0,48,47,113,109,111,114,120,116,118,119,126,125,125,118,165,174,224,117,116,112,174,143,259,256,313,288,370,354,467,400,408,397,389,295,292,300,276,290,396,390,481,454,480,473,477,478,468,462,464,456,463,464,462,462,440,437,531,518,1057,904,506,506]} 1. e4 c5 2. Nf3 Nc6 3. d4 cxd4 4. Nxd4 Nf6 5. Nc3 d6 6. Bg5 e6 7. Qd2 a6 8. O-O-O Bd7 9. f4 b5 10. Bxf6 gxf6 11. Nxc6 Bxc6 12. Qe1 Qa5 {B67: Sicilian: Richter-Rauzer: 7...a6 8 0-0-0 Bd7, lines without 9 f4 Be7} 13. Kb1 Be7 {Black wants to play ...b4.} 14. Bd3 b4 {White is slightly better.} 15. Ne2 Qc5 16. f5 a5 17. fxe6 $1 fxe6 18. Nf4 Qe5 19. Rf1 Rc8 {[#]} 20. Qe2 $146 ({Predecessor:} 20. Rf2 a4 {½-½ (40) Cao,S (2531)-Acs,P (2600) Heviz 2003}) 20... Rg8 (20... a4 $1 $14) 21. g3 a4 22. Qh5+ (22. Ba6 $14 Rb8 23. Qc4 Bxe4 24. Qxe6 (24. Nxe6 b3 $17) 24... Qxe6 25. Nxe6) 22... Qxh5 $11 23. Nxh5 Kf7 24. Rf2 Rg5 {[#]} 25. Nxf6 $1 {[%mdl 512]} Bxf6 ({Better is} 25... Kg7 $1 $14 26. h4 Re5) 26. Rdf1 $16 Ke7 27. Rxf6 {Rf7+ is the strong threat.} Be8 28. Rf8 Rcc5 29. Rh8 Rg7 30. Kc1 Rh5 {[#]} 31. Rf2 $1 Rh6 32. Kd2 Rf7 33. Rg2 (33. Rxf7+ $18 Bxf7 34. h4) 33... Rh5 34. Ke3 Re5 (34... Rf8 $16 {is a better defense.} 35. Rxf8 Kxf8) 35. g4 $18 Rg7 {[#]} (35... Bc6 $16 {was worth a try.}) 36. h4 $1 Rc5 37. g5 Re5 38. Rf2 a3 39. b3 Bc6 40. Rf6 Bxe4 41. Bxe4 d5 42. Rf4 Kd6 43. Rd8+ Kc7 44. Ra8 {aiming for Ra7+.} Kb7 45. Ra4 {White is clearly winning.} h6 46. gxh6 Rg6 47. Rxb4+ Kc6 48. h7 Rh6 49. Kf3 dxe4+ 50. Rbxe4 {KRR-KRR} Reh5 51. h8=Q ({Less strong is} 51. Rc4+ Kd6 $18) 51... Rxh8 52. Rxe6+ Kd5 53. Ra6 Rxh4 (53... Kc5 $142 54. Kg3 Kb5) 54. Ra5+ Kc6 55. Rxh4 {Accuracy: White = 77%, Black = 38%.} 1-0

[Event "SAIF POWERTEC 45th BAN Ch 2019"]
[Site "Dhaka"]
[Date "2019.11.05"]
[Round "1.4"]
[White "Mohammad, Javed"]
[Black "Reefat, Bin-Sattar"]
[Result "1/2-1/2"]
[WhiteElo "2130"]
[BlackElo "2417"]
[Annotator "TA"]
[PlyCount "76"]
[EventDate "2019.11.05"]
[EventCountry "BAN"]
[SourceTitle "playchess.com"]
[Source "ChessBase"]
[SourceQuality "1"]

{[%evp 12,76,4,0,19,19,15,17,12,-3,12,0,0,0,0,0,0,0,0,0,0,0,0,0,0,0,0,-5,-3,0,0,0,0,-30,-33,-37,-33,-40,-28,-17,0,-18,-27,-18,-16,-60,-25,-64,-63,-147,-155,-136,-131,-128,-130,-138,-135,-114,-138,-108,-6,-8,0,-83,-27,-88,0]} 1. e4 e6 2. d4 d5 3. Nd2 a6 4. Ngf3 Nf6 5. Bd3 c5 6. dxc5 dxe4 7. Nxe4 Nxe4 {C03: French Tarrasch: Unusual Black 3rd moves} 8. Bxe4 Qxd1+ 9. Kxd1 Bxc5 {The position is equal.} 10. Ke2 Nd7 11. Be3 (11. Ne1 Nf6 12. Bf3 O-O 13. Nd3 Bd6 14. g4 e5 15. g5 {0-1 (56) McShane,L (2614)-Shipov,S (2591) playchess.com INT 2006}) 11... Bxe3 12. Kxe3 Nc5 13. Rhd1 Ke7 14. Ne5 Nxe4 15. Kxe4 f6 16. Nc4 b5 $146 ({Predecessor:} 16... Bd7 17. Rxd7+ {½-½ (17) Litwak,A (2306)-Kuijf,M (2334) Germany 2018}) 17. Na5 Bd7 18. Rd2 Rhc8 19. Rad1 Be8 20. c3 Rc5 21. f4 g5 22. g4 Ra7 23. Rd8 h5 24. h3 hxg4 25. hxg4 f5+ 26. Kf3 gxf4 27. Kxf4 fxg4 28. R1d2 Rf5+ 29. Kxg4 Kf8 30. R2d4 ({White should try} 30. R8d4 $1 $15) 30... Rg7+ $17 31. Kh3 Ke7 {Hoping for ...Rh5+.} 32. Ra8 Rg1 {White must now prevent ...Rh5+.} 33. Kh2 Rg8 $1 {( -> ...Rh5+)} 34. Rh4 Rf2+ 35. Kh3 Rf3+ (35... e5 $1 $17 {And now ...Bd7+ would win.} 36. Nc6+ Kd6 37. Rh6+ Kc7 $1 {[%mdl 512]}) 36. Kh2 $11 Rf2+ (36... Re3 $11) 37. Kh3 $17 {[#]} Rf1 (37... e5 $1 $17 {aiming for ...Bd7+.} 38. Nc6+ Kd6 39. Rh6+ {[#]} Kc7 $1 {[%mdl 512]}) 38. Kh2 (38. Rg4 $1 $11 Rh1+ 39. Kg2 Rxg4+ 40. Kxh1) 38... Rf2+ {Accuracy: White = 48%, Black = 64%.} (38... Rb1 $17 39. b3 Rb2+ 40. Kh3 Rgg2 41. Rxa6 Kf6) 1/2-1/2

[Event "SAIF POWERTEC 45th BAN Ch 2019"]
[Site "Dhaka"]
[Date "2019.11.05"]
[Round "1.5"]
[White "Murshed, Niaz"]
[Black "S M Sharon"]
[Result "1-0"]
[WhiteElo "2413"]
[BlackElo "2092"]
[Annotator "TA"]
[PlyCount "81"]
[EventDate "2019.11.05"]
[EventCountry "BAN"]
[SourceTitle "playchess.com"]
[Source "ChessBase"]
[SourceQuality "1"]

{[%evp 16,81,30,32,258,260,249,262,261,255,269,262,254,255,257,258,263,270,267,275,281,276,321,305,296,268,290,260,253,262,418,397,563,521,597,528,510,506,531,426,409,405,457,450,483,509,606,576,694,670,633,570,1631,1572,2140,1913,5812,5720,1720,1446,29985,29981,29981,810,29983,720,29986,29987]} 1. d4 Nf6 2. c4 g6 3. Nf3 Bg7 4. g3 O-O 5. Bg2 c6 6. O-O d6 7. Nc3 Qa5 8. h3 Be6 9. Nd2 Nbd7 $2 {E62: King's Indian: Fianchetto: 6...c6 and Panno Variation (6...Nc6) without ...a6} (9... d5 $14) (9... d5 10. Nb3 Qd8 11. cxd5 cxd5 12. Nc5 Bc8 13. Bg5 Nc6 14. e3 e6 15. Rc1 h6 16. Bxf6 Bxf6 17. f4 b6 18. Nd3 {1-0 (65) Bernadskiy,V (2550)-Vovk,Y (2591) Warsaw 2014}) 10. d5 $146 ({Predecessor:} 10. e4 Nb6 11. Qe2 Qa6 12. b3 Nfd7 13. Nf3 c5 14. Nb5 Rac8 15. Bb2 cxd4 16. Nbxd4 Nc5 17. Rfe1 {1-0 (55) Robledo,M (2246)-Sanchez Zambrano,V (1941) Piura 2013}) 10... cxd5 11. Nb3 $1 {[%csl LRa5,LRd5]} Qb4 {White has a decisive advantage.} 12. cxd5 Bf5 13. a3 $1 {[%cal Ra3b4]} Qc4 14. Nd2 Qa6 15. e4 Nxe4 16. Ndxe4 Ne5 17. g4 Bd7 18. f4 Nc4 19. Kh1 f5 20. gxf5 Rxf5 21. Ng3 Rf7 22. Ra2 b5 (22... Na5 $142 23. Nge4 Qc4) 23. Nce4 h6 (23... Qb6 $142 24. b3 Ne3) 24. b3 Nb6 25. Raf2 Raf8 26. h4 Qc8 27. Be3 Bg4 28. Qd3 Nd7 29. Qxb5 Nf6 30. Qd3 Bh3 31. Nxf6+ {[%mdl 64] Discovered Attack} Bxf6 32. f5 Bxg2+ 33. Kxg2 Bxh4 34. Bxh6 gxf5 35. Bxf8 Qxf8 36. Rxf5 Bf6 37. Qe2 Qh6 38. Rh1 Qg6 39. Qh5 (39. Qe6 $142 Kg7 40. Kf3 Kg8 41. Qc8+ Rf8 42. Rh8+ $1 {[%mdl 576] Deflection, Decoy} Kxh8 43. Qxf8+ Kh7 44. Rh5+ Qxh5+ 45. Nxh5) 39... Qg7 40. Qh6 (40. Rf4 $142 Qh7 41. Rg4+ Kf8 42. Qxh7 Rxh7 43. Rxh7 Be5 44. Nf5 Bf6 {[#]} 45. Nxe7 $1 {[%mdl 512]}) 40... Be5 {[#]} 41. Rg5 $1 {[%mdl 64] Pin. Accuracy: White = 93%, Black = 35%.} 1-0

[Event "SAIF POWERTEC 45th BAN Ch 2019"]
[Site "Dhaka"]
[Date "2019.11.05"]
[Round "1.6"]
[White "Chowdhury, Sohel"]
[Black "Mohammad Minhaz Uddin"]
[Result "1/2-1/2"]
[WhiteElo "2096"]
[BlackElo "2322"]
[Annotator "RC"]
[PlyCount "38"]
[EventDate "2019.11.05"]
[EventCountry "BAN"]
[SourceTitle "playchess.com"]
[Source "ChessBase"]
[SourceQuality "1"]
[TimeControl "40/5400+30:1800+30"]

1. e4 {[%emt 0:00:00]} e5 {[%emt 0:00:00]} 2. Nf3 {[%emt 0:00:00]} Nf6 {[%emt 0:00:00]} 3. Nxe5 {[%emt 0:00:25]} d6 {[%emt 0:00:00]} 4. Nf3 {[%emt 0:00:17]} Nxe4 {[%emt 0:00:00]} 5. d4 {[%emt 0:00:57]} d5 {[%emt 0:00:00]} 6. Bd3 {[%emt 0:00:23]} Nc6 {[%emt 0:00:00]} 7. O-O {[%emt 0:01:51]} Bg4 {[%emt 0:00:05]} 8. c4 {[%emt 0:01:45]} Be7 {[%emt 0:01:29]} 9. Nc3 {[%emt 0:03:49]} Nf6 {[%emt 0:08:19]} 10. cxd5 {[%emt 0:00:31]} Nxd5 {[%emt 0:00:14]} 11. Re1 {[%emt 0:00:33]} Nf6 {[%emt 0:04:10]} 12. Bb5 {[%emt 0:35:22]} O-O {[%emt 0:03:49]} 13. Bxc6 {[%emt 0:02:02]} bxc6 {[%emt 0:00:03]} 14. h3 {[%emt 0:00:51]} Be6 {[%emt 0:16:13]} 15. Ne5 {[%emt 0:03:03]} Qe8 {[%emt 0:03:33]} 16. Qa4 {[%emt 0:05:51]} c5 {[%emt 0:03:50]} 17. Nc6 {[%emt 0:01:03]} cxd4 {[%emt 0:01:31]} 18. Nxe7+ {[%emt 0:00:21]} Qxe7 {[%emt 0:00:03]} 19. Qxd4 {[%emt 0:00:18]} Rfd8 {[%emt 0:01:39]} 1/2-1/2

[Event "SAIF POWERTEC 45th BAN Ch 2019"]
[Site "Dhaka"]
[Date "2019.11.05"]
[Round "1.7"]
[White "Abu Sufian, Shakil"]
[Black "Md, Sariatullah"]
[Result "1-0"]
[WhiteElo "2251"]
[BlackElo "2063"]
[Annotator "TA"]
[PlyCount "83"]
[EventDate "2019.11.05"]
[EventCountry "BAN"]
[SourceTitle "playchess.com"]
[Source "ChessBase"]
[SourceQuality "1"]

{[%evp 26,83,8,6,20,24,20,22,25,34,24,27,29,22,31,35,41,24,25,15,20,9,9,2,6,9,8,8,40,28,37,40,35,37,102,116,121,124,271,237,337,389,404,387,442,445,531,520,1098,1081,1334,1112,2536,2000,4704,3927,29974,5114,5117,5110]} 1. e4 c6 2. d4 d5 3. Nc3 $146 ({Predecessor:} 3. Nd2 dxe4 {0-1 (41) Marjanovic,S (2505)-Sargissian,G (2673) Kavala 2010}) 3... dxe4 4. Nxe4 Bf5 5. Ng3 Bg6 6. h4 h6 7. Nf3 Nd7 8. h5 Bh7 9. Bd3 Bxd3 10. Qxd3 e6 11. Bd2 Ngf6 12. O-O-O Be7 13. Kb1 O-O 14. Ne4 Nxe4 {B19: Classical Caro-Kann: 4...Bf5 main line} 15. Qxe4 Nf6 16. Qe2 Qd5 {The position is equal.} 17. Ne5 Qe4 (17... Qxg2 $2 18. Rdg1 $16) 18. Qxe4 Nxe4 19. Be3 Rfd8 20. g4 Rac8 21. c3 b5 22. Kc2 a5 23. Rde1 c5 24. dxc5 Bxc5 25. Bxc5 Nxc5 26. Rd1 a4 (26... Re8 {feels hotter.} 27. Rhe1 f6 28. Ng6 Kf7 29. Rd6 b4) 27. f3 f6 {aiming for ...Rxd1.} 28. Rxd8+ Rxd8 $14 {[%mdl 4096] Endgame KRN-KRN} 29. Nc6 Rd7 (29... Rd3 $14) 30. Nd4 $16 b4 31. cxb4 Rxd4 {[#] KRN-KR} (31... Na6 $16) 32. Kc3 $1 $18 {[%cal Rc3d4]} ({Not} 32. bxc5 Rc4+ 33. Kd3 Rxc5 $14) 32... Rd5 (32... e5 $142) 33. bxc5 Rxc5+ {[#] KR-KR} 34. Kb4 $1 {[%cal Rb4c5]} Rc2 35. Rb1 Rf2 36. Kxa4 Rxf3 (36... Kf7 $142 37. Kb5 Rxf3) 37. b4 {[%cal Bb2b4,Bb4b5,Bb5b6,Bb6b7][%mdl 32]} f5 38. gxf5 Rxf5 39. b5 Rf8 40. b6 e5 41. b7 Rb8 42. Ka5 {Accuracy: White = 84%, Black = 31%.} 1-0

[Event "SAIF POWERTEC 45th BAN Ch 2019"]
[Site "Dhaka"]
[Date "2019.11.05"]
[Round "1.8"]
[White "Hossain, Delwar"]
[Black "Chatterjee, Debaraj"]
[Result "0-1"]
[WhiteElo "2080"]
[BlackElo "2250"]
[Annotator "TA"]
[PlyCount "64"]
[EventDate "2019.11.05"]
[EventCountry "BAN"]
[SourceTitle "playchess.com"]
[Source "ChessBase"]
[SourceQuality "1"]

{[%evp 9,64,5,16,7,34,0,28,-6,-2,0,-8,-8,4,-8,0,-10,-12,-29,0,-52,-50,-47,-31,-35,-33,-38,-37,-39,-37,-75,-68,-79,-87,-86,-74,-92,-64,-46,-44,-37,0,0,0,0,0,0,12,0,0,-18,-17,-18,0,-7,0,0,0]} 1. e4 c5 2. Bc4 d6 3. Nf3 Nf6 4. Nc3 g6 5. O-O Bg7 6. Re1 {B50: Sicilian: 2...d6, Miscellaneous} O-O 7. h3 Nc6 8. a3 {White has an edge.} a6 9. Ba2 b5 10. d3 Bb7 11. Be3 (11. Bg5 e6 12. Qd2 Re8 13. Ne2 Qc7 14. Ng3 Nd7 15. Rab1 Nd4 {1-0 (80) Admiraal,M (2453)-Gunnarsson,J (2466) chess.com INT 2018}) 11... Rc8 12. Qc1 $146 ({Predecessor:} 12. Qd2 Re8 13. Ne2 Qd7 14. Ng5 c4 15. dxc4 bxc4 16. Bxc4 {1-0 (41) Perion,A-Kobal,S (1544) Nova Gorica 2014}) 12... e6 13. Bg5 Nd4 14. Nh2 (14. Nxd4 $11 cxd4 15. Ne2) 14... Qc7 $15 15. Ne2 Nxe2+ 16. Rxe2 c4 17. Qe3 Nd7 18. Rb1 d5 19. Bh6 dxe4 20. Bxg7 Kxg7 21. dxe4 Qc5 22. Qd2 Nf6 23. e5 Ng8 24. Qf4 Rfd8 25. c3 $1 {The position is equal.} Rd3 26. Rbe1 Rcd8 27. Bb1 Rd1 28. Ng4 Qe7 29. Bc2 Rxe1+ 30. Rxe1 h5 31. Nh2 Rd7 32. Nf1 Qd8 {[%mdl 32768] Accuracy: White = 48%, Black = 61%. . Loss on time!?} 0-1

[Event "SAIF POWERTEC 45th BAN Ch 2019"]
[Site "Dhaka"]
[Date "2019.11.05"]
[Round "1.9"]
[White "Mohammad Fahad, Rahman"]
[Black "Zia, Tahsin Tajwar"]
[Result "1-0"]
[WhiteElo "2250"]
[BlackElo "2080"]
[Annotator "TA"]
[PlyCount "113"]
[EventDate "2019.11.05"]
[EventCountry "BAN"]
[SourceTitle "playchess.com"]
[Source "ChessBase"]
[SourceQuality "1"]

{[%evp 17,113,22,28,25,35,38,29,17,30,30,31,50,79,64,48,-10,40,38,97,68,88,79,90,35,78,46,72,70,131,127,130,131,134,104,108,120,95,95,95,107,127,105,114,86,95,86,112,97,202,171,236,254,250,156,219,138,203,192,187,132,619,132,132,132,132,132,132,132,143,132,132,95,95,95,163,156,154,148,141,102,820,794,4827,4810,4040,3392,2629,1772,2109,2095,29965,29966,5189,4132,29980,29981,29981,29982]} 1. e4 c6 2. d4 d5 3. exd5 cxd5 4. Bd3 Nf6 5. c3 Nc6 6. Bf4 Bg4 7. Qb3 Na5 8. Qa4+ Bd7 9. Qc2 Rc8 10. Nf3 {B13: Caro-Kann: Exchange Variation and Panov-Botvinnik Attack} g6 11. O-O Bg7 12. Nbd2 {White has an edge.} O-O 13. Rfe1 (13. Ne5 Nc6 14. Nxc6 Bxc6 {0-1 (66) Eljanov,P (2680)-Saric,I (2690) chess.com INT 2019}) 13... Nc4 14. h3 Nxd2 $146 ({Predecessor:} 14... Bb5 15. Nf1 Re8 16. a4 Bc6 17. N1d2 {0-1 (64) Hague,B (2308)-Wang,P (2430) Auckland 2013}) 15. Nxd2 (15. Bxd2 {keeps more tension.} a6 16. Bf4 Bc6 17. a4 Nh5 18. Be3) 15... Nh5 16. Bg5 (16. Be3 $14) 16... f6 (16... Bxd4 $5 17. Bxe7 {[%mdl 64] Double Attack} Bxf2+ 18. Kxf2 Qb6+ 19. Ke2 Rfe8 $16) 17. Be3 f5 (17... e5 $14) 18. Bg5 Nf6 19. Qb3 $36 {[%mdl 2048] White has strong initiative.} Bc6 20. Qa3 (20. Nf3 $16) 20... h6 21. Bf4 (21. Bxf6 $5 exf6 22. Re6 $11 (22. Qxa7 Ra8 $17)) 21... Re8 22. Nf3 ({Reject} 22. Qxa7 $6 Ra8 $11) 22... Nd7 (22... g5 $14) 23. Re2 e6 24. Rae1 Qf6 25. Ne5 Nxe5 26. Bxe5 Qf7 27. Bxg7 Kxg7 28. Qxa7 Ra8 29. Qb6 Rxa2 30. b4 Rxe2 31. Rxe2 Ba4 32. Ra2 Bb3 (32... Qd7 $16) 33. Ra3 Bd1 (33... Bc4 $142) 34. Ra7 $18 Re7 35. Qd6 Bb3 (35... Rd7 $16 {might work better.} 36. Qe5+ Qf6) 36. Qe5+ Kh7 (36... Qf6 $16) 37. b5 Qe8 38. b6 ({White should try} 38. Ra3 $18 Bc4 39. Bxc4 dxc4 40. Ra4) 38... Rg7 $2 {[%mdl 8192] [#]} (38... Ba4 $16) 39. Qd6 $2 (39. Ba6 $1 $18 {[%cal Ra6b7][%mdl 512]} Qc6 {[%mdl 64] [#] Double Attack} (39... bxa6 40. Qxg7#) 40. Rxb7 $1 {[%mdl 512]} Rxb7 41. Bxb7 Qxb6 42. Bc8) 39... Ba4 $16 40. c4 Bc6 41. c5 h5 42. Ra1 Kg8 43. Re1 Re7 44. Kh2 Kf7 45. Qe5 Qc8 (45... Qd8 $16) 46. g4 $1 $18 {[%cal Rg4f5]} hxg4 47. hxg4 Re8 48. Kg2 Rh8 $2 {[%mdl 8192]} (48... Qb8 $16) 49. g5 {Qf6+ is the strong threat.} Qd8 50. Qxe6+ Kg7 51. Qe7+ Qxe7 52. Rxe7+ {KRB-KRB} Kg8 53. Rc7 Rh7 {[#]} 54. Rxc6 $1 {[%mdl 512]} bxc6 55. Ba6 Kf7 56. Bc8 Ke8 57. b7 {Accuracy: White = 64%, Black = 30%.} 1-0